000 00767nam a2200217Ia 4500
005 20241129110044.0
008 241129s9999||||xx |||||||||||||| ||und||
020 _a978-81-8361-966-0
037 _aTB
040 _aARTS
_bhin
_cARTS
041 _ahin
_2hin
084 _aQ 152R3
_qARTS
100 _aरामासामी, पेरियार ई. वी., ले.
_9726666
245 0 _aधर्म और विश्वदृष्टि
_cरामासामी, पेरियार ई. वी., ले.
260 _aदिल्ली, भारत
_bराधाकृष्ण प्रकाशन
_c2023
300 _a215पृ0
365 _aINR
_b695
650 _aReligion
942 _cTB
_hQ 152R3
999 _c1227147
_d1227147